000 01019nam a22002897a 4500
001 5509
003 FISKH
005 20241213140743.0
008 241213b cb ||||| |||| 00| 0 eng d
020 _a9781426307317
040 _aFISKH
_beng
_cFISKH
_dFISKH
050 _aQB843.S9
082 _a523.8
100 _aAguilar, David A
245 _aSuper stars :
_bthe biggest, hottest, brightest, and most explosive stars in the milky way /
_cby David A. Aguilar : author of 11 planets
260 _aWashington, D C :
_bNational Geographic Kids ;
_c2010.
300 _a48 pages :
_bcolor illustrations ;
_c24 cm .
505 _aZ
520 _aDescribes fifteen of the most unusual known stars, plus other interesting stellar objects.
521 8 _a1160
_bLexile NC
521 8 _aZ
_bRAz-Plus
650 _asupergiant stars
_vJuvenile literature
650 _asupermassive
_vJuvenile literature
700 _aEpstein, Lori
_eIllustrations Editor
942 _2ddc
_cBK
_n0
999 _c5509
_d5509